Statistics for World Cities by Letter R - Picture Quiz

Click here to take the quiz!

General Stats

  • This quiz has been taken 75 times
  • The average score is 7 of 18

Answer Stats

Answer% Correct
Rio de Janeiro
100%
Rome
99%
Reykjavik
64%
Riyadh
64%
Rotterdam
46%
Richmond
43%
Riga
41%
Rosario
36%
Rostov-on-Don
36%
Rabat
33%
Ramallah
33%
Recife
24%
Ravenna
19%
Rennes
17%
Raleigh
16%
Reno
13%
Rawalpindi
11%
Roseau
11%

Score Distribution

Percentile by Number Answered

Percent of People with Each Score

Your Score History

You have not taken this quiz